000 02036nam a22006137a 4500
003 AR-RoUNA
005 20250930062558.0
008 250514b |||||||| |||| 00| 0 spa d
040 _aAR-RoUNA
_bspa
_dAR-RoUNA
041 _aspa
044 _aag
100 0 _aBleynat, Carlos
_927154
245 1 3 _aLa posta de Juárez :
_bmitos y realidades en los origenes de Firmat /
_c Carlos Bleynat
260 _aFirmat (Santa Fe, Argentina) :
_bLuis Ruben Casaccia Ediciones,
_c2021.
300 _a39 p.:
_bplanos
_bfot. byn.
_c21x15 cm
505 0 _tINDICE
505 0 _aAgradecimientos
505 0 _aPrologo
505 0 _aNelson Real y la Posta de Juarez
505 0 _aLa historia de la Posta
505 0 _aLa laguna de las Ranas
505 0 _aUna laguna en el plano del Ingeniero Firmat
505 0 _aLa laguna y Firmat
505 0 _aLo que nos cuenta la tradicion oral
505 0 _aLos caminos de la Posta
505 0 _aDonde estaba la Posta
505 0 _aEl croquis de Pocho Juarez
505 0 _aUna prueba de acero
505 0 _aCuando se instalo la Posta
505 0 _aComo era la Posta
505 0 _aCuando dejo de funcionar la linea de galeras
505 0 _aQue fue de la familia Juarez
505 0 _aLa vida despues de la Posta
505 0 _aComo se recuerda la Posta
505 0 _tHistoria de los protagonistas
505 0 _aFausto Juarez
505 0 _aLuis Terrarosa
505 0 _aLos Terrarosa en un censo
505 0 _aLuis Terrarosa y Juan Fuentes
505 0 _aMitos y misterios de Luis Terrarosa
505 0 _aInesperado encuentro con la verdad
505 0 _aComienzo y cierre de una historia
650 4 _aHistoria
650 4 _aHotel
_vHospedaje - alojamiento
650 4 0 _aUrbanizaciones
650 4 _aTrazado de ferrocarril
651 0 _aFirmat (Santa Fe, Argentina)
_927157
653 _aPlanos -Trazados de Firmat
908 _aImp
930 _e12198
942 _2ddc
_cLIB
945 _aMIA
_d2025-05-14
999 _c11973
_d11973
980 _8
_gCRON CRON